01175nam a2200193Ia 4500001001100000003001000011008004100021040002500062041001300087100004500100245005400145250001100199260009100210300002700301500025800328501011400586520025800700650002300958L250-16546IT-CnALBA170116s9999||||xx |||||||||||||| ||und|| aIT-CnALBAcIT-CnALBA aITALIANO aROSSI GIOV. BATT., VESC. DI PINEROLO CN. 0aSELVA DI CONFERENZE POPOLARI. - PER SOLI UOMINI.  a1a ed. a BRESCIAbQUERINIANA EDIT. LIBR. VESC. c1914 [1° Ed.:1914 - Ed.Ling.Originale: 1914] a546 p. (prefazione: 5) aRISPETTO UMANO. ORIGINE E DESTINO DELL'UOMO E DELL'ANIMA. INFERNO. DIAVOLO DIO. GESÙ CRISTO. PECCATORE. PREGIUDIZI: CONTRO LA RELIGIONE, IL PAPA, I PRETI, SULLA CONFESSIONE, PREGHIERA, PAROLA DI DIO, CHIESA, GIORNI FESTIVI, LAVORO FESTIVO, BESTEMMIA.  aSocietà San Paolo EM - Piazza San Paolo, 14 - 12051 ALBA (CN) (non commercial uses only) ® Copyright 2017 aRISPETTO UMANO. ORIGINE E DESTINO DELL'UOMO E DELL'ANIMA. INFERNO. DIAVOLO DIO. GESÙ CRISTO. PECCATORE. PREGIUDIZI: CONTRO LA RELIGIONE, IL PAPA, I PRETI, SULLA CONFESSIONE, PREGHIERA, PAROLA DI DIO, CHIESA, GIORNI FESTIVI, LAVORO FESTIVO, BESTEMMIA.  aTEOLOGIA PASTORALE